| 000 | 00851cam a22002655i 4500 | ||
|---|---|---|---|
| 001 | 18395448 | ||
| 003 | SISC | ||
| 005 | 20161011110156.0 | ||
| 008 | 141204s2015 mau 000 0 eng | ||
| 010 | _a 2014958600 | ||
| 020 | _a9781285060033 (hard copy : alk. paper) | ||
| 040 |
_aDLC _beng _erda _cDLC |
||
| 042 | _apcc | ||
| 050 |
_aHV8079.C65 _b.N331 2016 |
||
| 100 | 1 | _aNelson, Bill. | |
| 245 | 1 | 0 |
_aGuide to computer forensics and investigations : _bprocessing digital evidence / _cBill Nelson, Amelia Phillips, Christopher Steuart. |
| 250 | _a5th edition. | ||
| 260 |
_aUSA : _bCengage Learning, _c2016. |
||
| 263 | _a1501 | ||
| 300 |
_axxv, 655 pages : _billustrations ; _c23 cm. |
||
| 500 | _aIncludes appendix and index. | ||
| 906 |
_a0 _bibc _corignew _d2 _eepcn _f20 _gy-gencatlg |
||
| 942 |
_2lcc _cBK |
||
| 999 |
_c305159 _d305159 |
||